000 00506nam a22001817a 4500
003 CEME
005 20210628203046.0
008 210419b xxu||||| |||| 00| 0 eng d
020 _a0-8273-3325-0
040 _c.
082 _a621.80221 HOF'B
100 _aWallach, Paul , Hoffman, Edward G
_963085
245 _aBlueprint reading for manufacturing
260 _aUSA
_bDELMAR
_c1988
300 _a396P
650 _aBLUEPRINTS MACHINERY DRAWINGS FREEHAND TECHNICAL SKETCHING
_963086
942 _cBK
_2ddc
999 _c572021
_d572021